Filozofia prírodných vied v diele M. Ziga (k sedemdesiatke profesora Milana Ziga)

Bibliographic Details
Main Author: Dubnička, Ján, 1941- (Author)
Format: Article
Language:Slovak
ISSN:0046-385X
Subjects:

MARC

LEADER 00000nab a2200000 a 4500
001 vtls008633716
003 SK-MaSNL
005 20260304134500.0
008 250505c2005 xo mr|p|||||||000 b|slo
015 |a SNBRB2006/03 
035 |a (uuid)ce369e65-ff27-4b9f-9d9b-077422967248 
035 |a urn:nbn:sk:snk-abwtw 
035 |a (urnnbn)urn:nbn:sk:snk:ar-a03zif 
038 |a SNKBUCL 
040 |a SNKBUCL  |b slo  |c SNKBUCL  |e AACR2 
041 0 |a slo  |b eng 
044 |a xo  |c SK 
080 |a 101.1  |2 1997 
080 |a 168.521  |2 1997 
080 |a 929 Zigo, Milan  |2 1997 
080 |a 5  |2 1997 
100 1 |a Dubnička, Ján,  |d 1941-  |4 aut  |9 39778 
245 1 0 |a Filozofia prírodných vied v diele M. Ziga  |b (k sedemdesiatke profesora Milana Ziga)  |c Ján Dubnička 
504 |a Bibliogr. odkazy 
546 |a Res. angl. 
600 1 7 |a Zigo, Milan,  |d 1934-2017  |2 snkbucl  |9 223629 
650 0 7 |a filozofia prírodných vied  |2 snkbucl  |9 84742 
650 0 7 |a prírodné vedy  |2 snkbucl  |9 694 
773 0 |t Filozofia  |g Roč. 60, č. 10 (2005), s. 796-803  |x 0046-385X 
850 |a Slovenská národná knižnica 
852 |a Slovenská národná knižnica 
954 |a odborná, vedecká literatúra pôvodná (slovenská)  |2 lita 
958 |a article27 
958 |a OND 
958 |a SK 
958 |a EUIPO 
999 |c 2906968  |d 2908898